000 00344nam a2200133 4500
005 20260530113853.0
100 1 _aNicholas Grimshaw Studio
_931440
245 1 0 _aFusion
264 1 _bNicholas Grimshaw and Partners
_c1998
300 _a1998 páginas
336 _atexto
_2rdacontent
337 _asin medio
_2rdamedia
338 _avolumen
_2rdacarrier
999 _c11527
_d11527